000 00959 aa a2200217 4500
005 20120608113312.0
010 _a
020 _c80.00
_a
035 _aB-46987
037 _bpub
082 _a615.535
100 _a स्वामिनाथन्, शेषाद्रि
_948703
245 _aप्राकृतिक-चिकित्सा विज्ञान सिद्धान्त व उपचार /
_cशेषाद्रि स्वामिनाथन्
246 _a
_b
260 _aनई दिल्ली
_bजी.के. सीताराम
_c2001
270 _a
_b
_e
300 _a304पृ
_c22 सेमी (अजिल्द)
490 _a
_948704
942 _adpl
_cHN
_k
_2ddc
_h615.535
_mस्वामिना
999 _c67696
_d67696